000 00703nab a2200229u 4500
001 23037
003 HDC
007 c| |||a|c|aaaa
008 210313b99999999my ||||o |||| 00| 0 eng d
040 _aHDC
245 0 _aKPDNKK sita berus cat daripada bulu babi
336 _atext
_2rdacontent
337 _acomputer
_2rdamedia
338 _aonline resource
_2rdacarrier
650 _aHalal products
_9642
650 _apig fur
_919778
710 _aSinar Harian
856 _zRequest full-text at [email protected]
942 _2lcc
942 _cNEWS
942 _kNWS0 005169
999 _c20353
_d20353